01127 2200205 4500001002100000005001500021035002000036007000300056008004100059020002200100082001900122084002500141100002000166245009400186250001000280260004000290300002700330520053900357600002500896INLIS00000000000518620220812041327 a0010-0822000043ta220812 0 ind  a978-623-7374-02-2 a631.157+633.18 a631.157+633.18 SUS m1 aSUSILOWATI, Dwi1 aManajemen Agribisnis :bPenerapan pada Komoditi Padi Organik /cDwi Susilowati.; Sugiarto aEd. 1 aMalang :bIntelegensia Media,c2019 a220 hal. :bIlus ;c23 aCapaian yang dapat diperoleh dengan manajemen agribinis yaitu meningkatnya kesejahteraan petani, meningkatnya kesempatan kerja, meningkatnya ketahanan pangan, dan meningkatkanya layanan pada petani. Cakupan buku berisi tentang manajemen agrinisnis secara umum, manajemen produksi dan operasi, manajemen bahan baku, manajemen sumberdaya manusia, manajemen teknologi, manajemen finansial, manajemen pemasaran, dan kelembagaan pendukung agribisnis. Buku ini dilengkapi juga dengan teori-teori yang menunjang terkait manajemen agribisnis. 4aManajemen agribisnis